Statistiques concernant Villes sportives américaines

Cliquez ici pour prendre le quiz!

Statistiques générales

  • Ce quiz a été pris 44 fois
  • Le résultat moyen est 32 sur 57

Statistiques - réponses

NBANFLMLSMLBNHLÉtatVille% Correct
CALos Angeles
100%
FLMiami
98%
NJNewark
98%
NYNew York
98%
ILChicago
95%
MABoston
90%
TXArlington
88%
TXDallas
88%
TXHouston
85%
CASan Francisco
85%
TXSan Antonio
80%
NVLas Vegas
78%
WASeattle
78%
CODenver
75%
DCWashington
75%
GAAtlanta
70%
MNMinneapolis
70%
FLOrlando
70%
MIDétroit
68%
PAPhiladelphie
68%
QCMontréal
65%
AZPhœnix
65%
UTSalt Lake City
65%
AZTempe
65%
ONToronto
65%
LALa-Nouvelle-Orléans
63%
CASacramento
63%
INIndianapolis
60%
OKOklahoma City
60%
ORPortland
60%
BCVancouver
60%
TXAustin
58%
NCCharlotte
58%
OHCleveland
58%
WIMilwaukee
58%
TNMemphis
55%
CASan Diego
53%
MOKansas City
45%
MOSaint Louis
43%
MDBaltimore
40%
FLTampa
40%
ONOttawa
38%
CASan José
35%
FLJacksonville
30%
TNNashville
30%
CAAnaheim
28%
ABCalgary
28%
OHCincinnati
28%
ABEdmonton
28%
CAOakland
28%
WIGreen Bay
23%
NYBuffalo
18%
PAPittsburgh
18%
MNSt-Paul
15%
MBWinnipeg
15%
OHColombus
13%
NCRaleigh
10%

Distribution des résultats

Percentile par nombre de réponses

% des personnes avec chaque résultat

Votre développement - résultats

Vous n’avez pas pris ce quiz